| 000 | 00960nam a2200313 i 4500 | ||
|---|---|---|---|
| 001 | 000029742 | ||
| 003 | DO-SdBNP | ||
| 005 | 20260205103521.0 | ||
| 007 | ta | ||
| 008 | 110425s1984 dr bcd 000 0 spa d | ||
| 040 |
_aDO-SdBNP _bspa _cBNPHU _erda |
||
| 041 | _aspa | ||
| 082 |
_aXXX _bR789m _222 |
||
| 110 | 1 |
_aRosario Dominicana _956522 |
|
| 245 | 1 | 0 | _amemoria anual 1983./. |
| 260 | _c1984. | ||
| 264 |
_aSanto Domingo, : _bRosario Dominicana, _c1983 |
||
| 300 |
_a62 páginas : _bretratos., mapas. ; _c28 cm. |
||
| 336 |
_ardacontent _btexto _2txt |
||
| 337 |
_ardamedia _bsin mediación _2n |
||
| 338 |
_ardacarrier _bvolumen _2nc |
||
| 590 | _aInventariado, 2026/DG | ||
| 650 | 4 |
_aIndustria minera _zRepública Dominicana _973170 |
|
| 650 | 4 |
_aMinas de oro _zRepública Dominicana _983427 |
|
| 650 | 4 |
_aOro _xIndustria y comercio _zRepública Dominicana _988958 |
|
| 650 | 4 |
_aRosario Dominicana _xnformes _988959 |
|
| 910 | _aDG | ||
| 942 |
_2ddc _cLBS1 |
||
| 999 |
_c60236 _d60236 |
||